[Event "Robecchetto op-A 21th"]
[Site "Robecchetto"]
[Date "2010.12.29"]
[Round "5"]
[White "Cardani, Roberto"]
[Black "Guidi, Maurizio"]
[Result "0-1"]
[WhiteElo "1933"]
[BlackElo "2068"]
[PlyCount "60"]
[EventDate "2010.12.27"]
[EventType "swiss"]
[EventRounds "6"]
[EventCountry "ITA"]
[SourceTitle "EXT 2024"]
[Source "ChessBase"]
[SourceDate "2023.10.10"]
[SourceVersion "1"]
[SourceVersionDate "2023.10.10"]
[SourceQuality "1"]

1. e4 g6 2. d4 Bg7 3. Nc3 d6 4. Be3 Nd7 5. Qd2 e6 6. 0-0-0 h6 7. f4 Ne7 8. Nf3 b6 9. g3 Bb7 10. Bg2 a6 11. g4 Nf6 12. g5 Nxe4 13. Nxe4 Bxe4 14. gxh6 Bxh6 15. Ng5 Bxg2 16. Qxg2 d5 17. h4 Qd6 18. Kb1 Bxg5 19. hxg5 0-0-0 20. Bc1 Nf5 21. c3 Ng7 22. Qe2 Kb7 23. Qe5 Nh5 24. Rh4 Rh7 25. Rdh1 Rdh8 26. Qe1 Qf8 27. a3 Qg8 28. Qe5 Ng7 29. Rh6 Rxh6 30. gxh6 Nf5 0-1

[Event "Robecchetto op-A 21th"]
[Site "Robecchetto"]
[Date "2010.12.28"]
[Round "3"]
[White "Gonella, Daniele"]
[Black "Cardani, Roberto"]
[Result "1-0"]
[WhiteElo "2003"]
[BlackElo "1933"]
[PlyCount "71"]
[EventDate "2010.12.27"]
[EventType "swiss"]
[EventRounds "6"]
[EventCountry "ITA"]
[SourceTitle "EXT 2024"]
[Source "ChessBase"]
[SourceDate "2023.10.10"]
[SourceVersion "1"]
[SourceVersionDate "2023.10.10"]
[SourceQuality "1"]

1. Nf3 Nf6 2. g3 d5 3. d4 Bf5 4. Bg2 c6 5. 0-0 Nbd7 6. Nbd2 h6 7. Re1 e6 8. c4 Be7 9. b3 0-0 10. Bb2 a5 11. Ne5 Bh7 12. Rc1 Qb6 13. Nxd7 Nxd7 14. e4 dxe4 15. Nxe4 Nf6 16. d5 Nxe4 17. Bxe4 Bc5 18. Bxh7+ Kxh7 19. Qc2+ g6 20. d6 Bxd6 21. c5 Bxc5 22. Qxc5 Qxc5 23. Rxc5 Rfd8 24. Re2 a4 25. Bf6 Rd1+ 26. Kg2 axb3 27. axb3 Rb1 28. Rc3 Ra3 29. Ree3 g5 30. g4 Kg6 31. Rf3 Raa1 32. Rc5 Ra3 33. Bd4 Rd1 34. Rf6+ Kg7 35. Be5 Rxb3 36. Rf3+ 1-0

[Event "Milan Crespi op-B 31th"]
[Site "Milan"]
[Date "2010.12.07"]
[Round "5"]
[White "Guzzetti, Luigi Enrico"]
[Black "Cardani, Roberto"]
[Result "0-1"]
[WhiteElo "1889"]
[BlackElo "1933"]
[PlyCount "106"]
[EventDate "2010.12.04"]
[EventType "swiss"]
[EventRounds "7"]
[EventCountry "ITA"]
[SourceTitle "EXT 2024"]
[Source "ChessBase"]
[SourceDate "2023.10.10"]
[SourceVersion "1"]
[SourceVersionDate "2023.10.10"]
[SourceQuality "1"]

1. e4 c5 2. Nf3 d6 3. d4 cxd4 4. Nxd4 Nf6 5. Nc3 a6 6. Be2 e5 7. Nb3 Be7 8. 0-0 0-0 9. Be3 Be6 10. a4 Nbd7 11. f3 Rc8 12. Qd2 Nb6 13. a5 Nc4 14. Bxc4 Rxc4 15. Rfd1 Qc7 16. Bb6 Qc6 17. Nd5 Bxd5 18. exd5 Qb5 19. Qd3 Rfc8 20. Rac1 Nd7 21. Be3 Bd8 22. Nd2 Rb4 23. c4 Qxa5 24. Ne4 Qc7 25. b3 Nc5 26. Nxc5 dxc5 27. d6 Qd7 28. Bd2 Rb6 29. Ba5 Rbc6 30. Bc3 Bf6 31. Qd5 Rd8 32. Bxe5 Bxe5 33. Qxe5 Rxd6 34. Re1 b6 35. Qe7 Qxe7 36. Rxe7 R6d7 37. Rce1 Kf8 38. R7e3 Rd1 39. Kf2 Rxe1 40. Kxe1 Re8 41. Kd2 Rxe3 42. Kxe3 Ke7 43. Ke4 Ke6 44. f4 b5 45. cxb5 axb5 46. g4 g6 47. h4 h6 48. h5 gxh5 49. gxh5 c4 50. bxc4 bxc4 51. Kd4 Kf5 52. Kxc4 Kxf4 53. Kd4 f5 0-1

[Event "Milan Crespi op-B 31th"]
[Site "Milan"]
[Date "2010.12.05"]
[Round "2"]
[White "Cardani, Roberto"]
[Black "Revinelli, Sergio"]
[Result "1-0"]
[WhiteElo "1933"]
[BlackElo "1842"]
[PlyCount "125"]
[EventDate "2010.12.04"]
[EventType "swiss"]
[EventRounds "7"]
[EventCountry "ITA"]
[SourceTitle "EXT 2024"]
[Source "ChessBase"]
[SourceDate "2023.10.10"]
[SourceVersion "1"]
[SourceVersionDate "2023.10.10"]
[SourceQuality "1"]

1. e4 e5 2. Nf3 Nc6 3. Bb5 f5 4. Nc3 fxe4 5. Nxe4 d5 6. Nxe5 dxe4 7. Nxc6 Qg5 8. Qe2 Nf6 9. f4 Qxf4 10. Ne5+ c6 11. d4 Qh4+ 12. g3 Qh3 13. Bc4 Be6 14. Bg5 Bd6 15. 0-0-0 0-0-0 16. Bxe6+ Qxe6 17. Qc4 Rhe8 18. Qxe6+ Rxe6 19. Nf7 Rde8 20. Nxd6+ Rxd6 21. Bxf6 gxf6 22. c3 b5 23. Kd2 c5 24. Ke3 cxd4+ 25. Rxd4 Rxd4 26. cxd4 Re6 27. Rf1 a5 28. Rf5 Rb6 29. Kxe4 a4 30. d5 b4 31. Kd4 b3 32. a3 Kb7 33. Kc5 Ka6 34. Rf4 Rb5+ 35. Kc4 Rb6 36. Kc3 Ka5 37. Rf5 Ka6 38. Rf4 Ka5 39. Rc4 Rb8 40. Rc5+ Ka6 41. Rc6+ Kb5 42. Rxf6 Rc8+ 43. Rc6 Re8 44. Kd3 Re5 45. Kd4 Re2 46. Rc5+ Kb6 47. Rc4 Ka5 48. Kc5 Rxb2 49. d6 Rd2 50. Rb4 b2 51. Kc6 Rc2+ 52. Kb7 Rd2 53. Kc7 Rc2+ 54. Kd8 Rd2 55. d7 Rc2 56. h3 Rc3 57. Rxb2 Rxa3 58. Rd2 Rxg3 59. Ke7 Rg7+ 60. Kf8 Rxd7 61. Rxd7 a3 62. h4 Kb4 63. h5 1-0

[Event "Varese op 10th"]
[Site "Varese"]
[Date "2010.10.17"]
[Round "5"]
[White "Della Rocca, Luigi"]
[Black "Cardani, Roberto"]
[Result "1-0"]
[WhiteElo "1767"]
[BlackElo "1961"]
[PlyCount "99"]
[EventDate "2010.10.09"]
[EventType "swiss"]
[EventRounds "6"]
[EventCountry "ITA"]
[SourceTitle "EXT 2024"]
[Source "ChessBase"]
[SourceDate "2023.10.10"]
[SourceVersion "1"]
[SourceVersionDate "2023.10.10"]
[SourceQuality "1"]

1. e4 c5 2. Nc3 Nc6 3. g3 g6 4. Bg2 Bg7 5. Nge2 d6 6. 0-0 e6 7. d3 Rb8 8. Be3 Nd4 9. Rb1 Ne7 10. b4 Nxe2+ 11. Nxe2 cxb4 12. Rxb4 Nc6 13. Rb3 b6 14. Qd2 0-0 15. Bh6 Bb7 16. Bxg7 Kxg7 17. f4 Ne7 18. c4 f5 19. a4 Nc6 20. Qb2+ Qf6 21. Qxf6+ Kxf6 22. Nc3 Na5 23. Rb2 fxe4 24. Bxe4 Bxe4 25. Nxe4+ Ke7 26. Re1 h6 27. Nc3 Kd7 28. Rbe2 Rbe8 29. Nb5 Nb7 30. d4 a6 31. Na3 Na5 32. Kg2 Nc6 33. Rd1 Rf5 34. Rc2 Ra5 35. c5 b5 36. axb5 axb5 37. Nb1 b4 38. Rb2 Rea8 39. cxd6 Ra2 40. Rdd2 Rxb2 41. Rxb2 Kxd6 42. Nd2 Kd5 43. Nf3 Kc4 44. Kf2 Kc3 45. Rb1 b3 46. Rc1+ Kb4 47. Rxc6 Ra2+ 48. Ke3 b2 49. Nd2 Ra3+ 50. Ke2 1-0

[Event "Varese op 10th"]
[Site "Varese"]
[Date "2010.10.10"]
[Round "2"]
[White "Cardani, Roberto"]
[Black "Poletto, Daniele"]
[Result "1-0"]
[WhiteElo "1961"]
[BlackElo "1752"]
[PlyCount "53"]
[EventDate "2010.10.09"]
[EventType "swiss"]
[EventRounds "6"]
[EventCountry "ITA"]
[SourceTitle "EXT 2024"]
[Source "ChessBase"]
[SourceDate "2023.10.10"]
[SourceVersion "1"]
[SourceVersionDate "2023.10.10"]
[SourceQuality "1"]

1. e4 c5 2. Nf3 e6 3. d4 cxd4 4. Nxd4 a6 5. Bd3 Nc6 6. Nxc6 dxc6 7. Nd2 e5 8. 0-0 Nf6 9. Nc4 Bc5 10. Nxe5 0-0 11. Kh1 Re8 12. f4 Nd7 13. Nxf7 Kxf7 14. Bc4+ Kf8 15. Qh5 Qf6 16. Qxh7 Qh6 17. Qg8+ Ke7 18. Qf7+ Kd8 19. f5 Be3 20. Bxe3 Qxe3 21. Qxg7 Qxe4 22. Be6 Qe5 23. Qg5+ Qf6 24. Qg3 Qe5 25. Qd3 Ke7 26. Rae1 Qxb2 27. Bxd7+ 1-0

[Event "Bergamo op 09th"]
[Site "Bergamo"]
[Date "2010.07.17"]
[Round "4"]
[White "Cardani, Roberto"]
[Black "Orsi, Matteo"]
[Result "1/2-1/2"]
[WhiteElo "2022"]
[BlackElo "1980"]
[PlyCount "54"]
[EventDate "2010.07.16"]
[EventType "swiss"]
[EventRounds "6"]
[EventCountry "ITA"]
[SourceTitle "EXT 2024"]
[Source "ChessBase"]
[SourceDate "2023.10.10"]
[SourceVersion "1"]
[SourceVersionDate "2023.10.10"]
[SourceQuality "1"]

1. e4 c6 2. d4 d5 3. Nc3 dxe4 4. Nxe4 Bf5 5. Ng3 Bg6 6. h4 h6 7. Nf3 Nd7 8. h5 Bh7 9. Bd3 Bxd3 10. Qxd3 Ngf6 11. Bf4 e6 12. 0-0-0 Nd5 13. Bd2 Nb4 14. Qb3 a5 15. a3 a4 16. Qc4 b5 17. Qe2 Nd5 18. c3 Be7 19. Ne5 Nxe5 20. dxe5 0-0 21. Ne4 Qc7 22. f4 c5 23. c4 bxc4 24. Qxc4 Nb6 25. Qb5 Rfb8 26. Nc3 Nd7 27. Qe2 c4 1/2-1/2

[Event "Bergamo op 09th"]
[Site "Bergamo"]
[Date "2010.07.16"]
[Round "1"]
[White "Contin, Daniel"]
[Black "Cardani, Roberto"]
[Result "1-0"]
[WhiteElo "2307"]
[BlackElo "2022"]
[PlyCount "49"]
[EventDate "2010.07.16"]
[EventType "swiss"]
[EventRounds "6"]
[EventCountry "ITA"]
[SourceTitle "EXT 2024"]
[Source "ChessBase"]
[SourceDate "2023.10.10"]
[SourceVersion "1"]
[SourceVersionDate "2023.10.10"]
[SourceQuality "1"]

1. d4 Nf6 2. Nf3 g6 3. c4 Bg7 4. Nc3 d5 5. cxd5 Nxd5 6. g3 0-0 7. Bg2 c6 8. 0-0 Nd7 9. Qb3 N7b6 10. Ne4 a5 11. a3 a4 12. Qa2 Nc7 13. Nc5 Ne6 14. Be3 Nxc5 15. dxc5 Be6 16. Qb1 Nc4 17. Rd1 Qa5 18. Bd4 Rfd8 19. e3 h6 20. Qc2 Qb5 21. Bf1 Qb3 22. Qc1 Nxb2 23. Rd2 Nc4 24. Rd3 Qb5 25. Rc3 1-0

[Event "ITA-ch sf 70th"]
[Site "Torino"]
[Date "2010.06.26"]
[Round "8"]
[White "Cardani, Roberto"]
[Black "Nikolajevic, Tihomir"]
[Result "1-0"]
[WhiteElo "1998"]
[BlackElo "1914"]
[PlyCount "101"]
[EventDate "2010.06.20"]
[EventType "swiss"]
[EventRounds "9"]
[EventCountry "ITA"]
[SourceTitle "CBM 137 Extra"]
[Source "ChessBase"]
[SourceDate "2010.09.01"]
[SourceVersion "1"]
[SourceVersionDate "2010.09.01"]
[SourceQuality "1"]

1. e4 c5 2. Nf3 e6 3. d4 cxd4 4. Nxd4 Nf6 5. Nc3 d6 6. Be2 Be7 7. 0-0 0-0 8. f4 Nc6 9. Be3 Bd7 10. Nb3 a6 11. a4 Qc7 12. Kh1 b6 13. g4 Bc8 14. g5 Ne8 15. Bf3 Bb7 16. Qd2 Nd8 17. Qf2 Rc8 18. Bxb6 Qb8 19. a5 f6 20. Qd2 Nc7 21. Nd4 Qa8 22. Bg2 f5 23. exf5 Bxg2+ 24. Qxg2 Qxg2+ 25. Kxg2 e5 26. Bxc7 Rxc7 27. Nd5 Rb7 28. Nxe7+ Rxe7 29. fxe5 Rxe5 30. b4 Re4 31. c3 Re3 32. Rf3 Re4 33. Rd1 Rfe8 34. Kg3 R8e7 35. h4 Rc7 36. Rdf1 Rf7 37. Rf4 Re3+ 38. R1f3 Rfe7 39. f6 gxf6 40. gxf6 Rf7 41. Nf5 Re6 42. Nh6+ Kf8 43. Nxf7 Nxf7 44. Rc4 Ne5 45. Rc8+ Kf7 46. Rc7+ Kf8 47. Rf5 Ng6 48. f7 Ne7 49. Rf3 Rg6+ 50. Kf2 Rg4 51. Rxe7 1-0

[Event "ITA-ch sf 70th"]
[Site "Torino"]
[Date "2010.06.24"]
[Round "6"]
[White "Cardani, Roberto"]
[Black "Di Trapani, Davide"]
[Result "1/2-1/2"]
[WhiteElo "1998"]
[BlackElo "1926"]
[PlyCount "52"]
[EventDate "2010.06.20"]
[EventType "swiss"]
[EventRounds "9"]
[EventCountry "ITA"]
[SourceTitle "CBM 137 Extra"]
[Source "ChessBase"]
[SourceDate "2010.09.01"]
[SourceVersion "1"]
[SourceVersionDate "2010.09.01"]
[SourceQuality "1"]

1. e4 e5 2. Nf3 Nc6 3. Bb5 a6 4. Ba4 Nf6 5. 0-0 b5 6. Bb3 Bc5 7. c3 d6 8. d4 Bb6 9. a4 Rb8 10. axb5 axb5 11. Na3 0-0 12. Nxb5 Bg4 13. Bc2 d5 14. Bg5 exd4 15. cxd4 dxe4 16. Bxe4 Bxf3 17. Bxf3 Nxd4 18. Nc3 Nxf3+ 19. Qxf3 Bd4 20. Rab1 Qe7 21. Nd5 Qd6 22. Nxf6+ Bxf6 23. Bxf6 Qxf6 24. Qxf6 gxf6 25. f4 Rfd8 26. Rf2 Rb7 1/2-1/2

[Event "Lombardia Region-ch"]
[Site "Solaro"]
[Date "2010.05.29"]
[Round "2"]
[White "Cardani, Roberto"]
[Black "Revinelli, Sergio"]
[Result "1-0"]
[WhiteElo "1998"]
[BlackElo "1836"]
[PlyCount "91"]
[EventDate "2010.05.28"]
[EventType "swiss"]
[EventRounds "5"]
[EventCountry "ITA"]
[SourceTitle "EXT 2024"]
[Source "ChessBase"]
[SourceDate "2023.10.10"]
[SourceVersion "1"]
[SourceVersionDate "2023.10.10"]
[SourceQuality "1"]

1. e4 e5 2. Nf3 Nc6 3. Bb5 f5 4. Nc3 fxe4 5. Nxe4 d5 6. Nxe5 dxe4 7. Nxc6 Qg5 8. Qe2 Nf6 9. f4 Qxf4 10. d4 Qh4+ 11. g3 Qh3 12. Bg5 a6 13. Ba4 Qh5 14. Qe3 b5 15. Bxf6 Qd5 16. Bb3 Qxc6 17. Be5 Bb7 18. d5 Qg6 19. Bxc7 Kd7 20. Qb6 Qxb6 21. Bxb6 a5 22. a4 Kd6 23. 0-0-0 bxa4 24. Bxa4 Be7 25. Rhe1 Bg5+ 26. Be3 Bxe3+ 27. Rxe3 Ke5 28. c4 Rac8 29. b3 Rhf8 30. Kd2 Rf2+ 31. Re2 Rcf8 32. Rde1 Kd4 33. Rxf2 Rxf2+ 34. Re2 Rf1 35. d6 Ra1 36. d7 e3+ 37. Rxe3 Ra2+ 38. Kc1 Kxe3 39. d8Q Be4 40. Qg5+ Kd3 41. Qxa5 Rxh2 42. c5 Rc2+ 43. Kd1 Rg2 44. Bb5+ Kd4 45. Qb4+ Ke5 46. Qxe4+ 1-0

[Event "Lombardia Region-ch"]
[Site "Solaro"]
[Date "2010.05.28"]
[Round "1"]
[White "Giovarruscio, Gabriele"]
[Black "Cardani, Roberto"]
[Result "0-1"]
[WhiteElo "1670"]
[BlackElo "1998"]
[PlyCount "94"]
[EventDate "2010.05.28"]
[EventType "swiss"]
[EventRounds "5"]
[EventCountry "ITA"]
[SourceTitle "EXT 2024"]
[Source "ChessBase"]
[SourceDate "2023.10.10"]
[SourceVersion "1"]
[SourceVersionDate "2023.10.10"]
[SourceQuality "1"]

1. Nf3 Nf6 2. c4 g6 3. g3 Bg7 4. Bg2 0-0 5. 0-0 d6 6. Nc3 e5 7. d3 Nc6 8. Bg5 h6 9. Bd2 Be6 10. Rc1 Qd7 11. a3 a5 12. Qa4 Bh3 13. Nd5 Nd4 14. Nxf6+ Bxf6 15. Qd1 Nxf3+ 16. exf3 Bg7 17. b3 Bxg2 18. Kxg2 f5 19. Re1 Kh7 20. Bc3 b6 21. d4 exd4 22. Bxd4 Rae8 23. Bxg7 Qxg7 24. Qd2 Qf7 25. f4 Rxe1 26. Rxe1 a4 27. Qb4 axb3 28. Qxb3 Re8 29. Re3 Qd7 30. h4 Qc6+ 31. Kh2 Re4 32. Rc3 Re1 33. f3 Qc5 34. Qc2 Qg1+ 35. Kh3 Qd4 36. Kh2 Rd1 37. Re3 Rd2+ 38. Re2 Rxc2 39. Rxc2 Qd3 40. Rb2 Qxc4 41. Kg2 d5 42. Rd2 Kg7 43. Kh3 d4 44. g4 Qf1+ 45. Kh2 d3 46. Rg2 Qxg2+ 47. Kxg2 d2 0-1

[Event "Erba op 4th"]
[Site "Erba"]
[Date "2010.03.07"]
[Round "5"]
[White "Liscio, Giovanni"]
[Black "Cardani, Roberto"]
[Result "1/2-1/2"]
[WhiteElo "2046"]
[BlackElo "1995"]
[PlyCount "133"]
[EventDate "2010.03.05"]
[EventType "swiss"]
[EventRounds "5"]
[EventCountry "ITA"]
[SourceTitle "EXT 2024"]
[Source "ChessBase"]
[SourceDate "2023.10.10"]
[SourceVersion "1"]
[SourceVersionDate "2023.10.10"]
[SourceQuality "1"]

1. Nf3 Nf6 2. g3 d5 3. d4 Bf5 4. Bg2 e6 5. 0-0 Be7 6. b3 Nbd7 7. Bb2 0-0 8. Nbd2 h6 9. c4 c6 10. c5 Ne4 11. b4 Qc7 12. Nb3 Bf6 13. a4 Rfe8 14. Rc1 a6 15. Re1 e5 16. e3 Bg4 17. Qc2 Bf5 18. Qe2 g5 19. dxe5 Nxe5 20. Bxe5 Bxe5 21. Nxe5 Qxe5 22. Nd4 Bg6 23. Qb2 f5 24. f4 Qg7 25. Bxe4 Rxe4 26. Qd2 Rae8 27. Nf3 Bh5 28. Ne5 R8xe5 29. fxe5 Qxe5 30. Kf2 a5 31. Rb1 Rc4 32. Rec1 Rh4 33. Kg1 Rxb4 34. Rxb4 axb4 35. Qd4 Qe6 36. Kf2 b3 37. Rb1 f4 38. gxf4 Qh3 39. Rb2 Qxh2+ 40. Ke1 Qg1+ 41. Kd2 Qd1+ 42. Kc3 Qxd4+ 43. Kxd4 Bd1 44. fxg5 hxg5 45. Rd2 Bc2 46. Kc3 Kg7 47. a5 Kg6 48. e4 Bxe4 49. Kxb3 g4 50. Kc3 g3 51. Kd4 g2 52. Rd1 Kf5 53. Ke3 Kg4 54. Kf2 Kf4 55. Rd2 Ke5 56. Rb2 Kd4 57. Rxb7 Bd3 58. Rb6 Kc4 59. a6 Kxc5 60. a7 Kxb6 61. a8Q Bf1 62. Qd8+ Kc5 63. Qe7+ Kc4 64. Qe6 Kb5 65. Qd7 Kc5 66. Qa7+ Kc4 67. Qa6+ 1/2-1/2

[Event "Erba op 4th"]
[Site "Erba"]
[Date "2010.03.06"]
[Round "2"]
[White "Cardani, Roberto"]
[Black "Cazzaniga, Walter"]
[Result "0-1"]
[WhiteElo "1995"]
[BlackElo "2110"]
[PlyCount "110"]
[EventDate "2010.03.05"]
[EventType "swiss"]
[EventRounds "5"]
[EventCountry "ITA"]
[SourceTitle "EXT 2024"]
[Source "ChessBase"]
[SourceDate "2023.10.10"]
[SourceVersion "1"]
[SourceVersionDate "2023.10.10"]
[SourceQuality "1"]

1. e4 e6 2. d4 d5 3. Nc3 Bb4 4. e5 c5 5. a3 Bxc3+ 6. bxc3 Qa5 7. Bd2 Qa4 8. Qb1 c4 9. Nf3 Nc6 10. h4 Nge7 11. h5 h6 12. g4 Bd7 13. g5 0-0-0 14. gxh6 gxh6 15. Bh3 Rdf8 16. Qc1 Rh7 17. Nh2 Ng8 18. Rg1 f5 19. exf6 Nxf6 20. Bxh6 Rfh8 21. Bg7 Rg8 22. h6 Ne4 23. Nf3 Qa5 24. Qe3 Qxc3+ 25. Qxc3 Nxc3 26. Kd2 Ne4+ 27. Ke3 Ne7 28. Ng5 Nxg5 29. Rxg5 Nf5+ 30. Bxf5 exf5 31. Rag1 Be6 32. c3 Kd7 33. Kf4 b5 34. Re1 a5 35. Rg6 Re8 36. Rb1 Rb8 37. Be5 Rb7 38. Rg7+ Rxg7 39. hxg7 b4 40. axb4 axb4 41. cxb4 Kc6 42. Rg1 Kb5 43. g8Q Bxg8 44. Rxg8 Kxb4 45. Kxf5 c3 46. Rb8 Rxb8 47. Bxb8 Kc4 48. Bf4 Kxd4 49. Ke6 Ke4 50. Bc1 d4 51. f4 d3 52. f5 d2 53. Bxd2 cxd2 54. f6 d1Q 55. f7 Qd8 0-1

[Event "Erba op 4th"]
[Site "Erba"]
[Date "2010.03.05"]
[Round "1"]
[White "Pace, Pietro Dario"]
[Black "Cardani, Roberto"]
[Result "1-0"]
[WhiteElo "2304"]
[BlackElo "1995"]
[PlyCount "83"]
[EventDate "2010.03.05"]
[EventType "swiss"]
[EventRounds "5"]
[EventCountry "ITA"]
[SourceTitle "EXT 2024"]
[Source "ChessBase"]
[SourceDate "2023.10.10"]
[SourceVersion "1"]
[SourceVersionDate "2023.10.10"]
[SourceQuality "1"]

1. e4 c5 2. Nf3 d6 3. c3 Nf6 4. Be2 g6 5. 0-0 Bg7 6. Re1 0-0 7. Bf1 Nc6 8. h3 e5 9. d4 Qc7 10. a4 Bd7 11. Na3 Ne8 12. dxc5 dxc5 13. Be3 b6 14. Nb5 Qb7 15. Qc2 a6 16. Na3 Na5 17. b4 cxb4 18. cxb4 Nc6 19. Qb2 Nc7 20. b5 axb5 21. axb5 Nd4 22. Nxd4 exd4 23. Bxd4 Bxd4 24. Qxd4 Ne6 25. Qb4 Nc5 26. Nc2 Rxa1 27. Nxa1 Ra8 28. Nb3 Nxb3 29. Qxb3 Be6 30. Qb2 Qd7 31. Qc3 Rc8 32. Qe3 Qd6 33. Be2 Qe5 34. Qxb6 Qxe4 35. Qe3 Qb4 36. Rd1 Qb2 37. Bf1 Rb8 38. Qd4 Qb3 39. Qd3 Qb2 40. Qd6 Rc8 41. b6 Bb3 42. b7 1-0

[Event "Ceriano Laghetto op-B 19th"]
[Site "Ceriano Laghetto"]
[Date "2010.03.??"]
[Round "2"]
[White "Cardani, Roberto"]
[Black "Giannotti, Salvatore"]
[Result "1-0"]
[WhiteElo "1995"]
[BlackElo "1805"]
[PlyCount "105"]
[EventDate "2010.03.??"]
[EventType "swiss"]
[EventRounds "5"]
[EventCountry "ITA"]
[SourceTitle "EXT 2024"]
[Source "ChessBase"]
[SourceDate "2023.10.10"]
[SourceVersion "1"]
[SourceVersionDate "2023.10.10"]
[SourceQuality "1"]

1. e4 d6 2. d4 Nf6 3. Nc3 Nbd7 4. Nf3 e5 5. Bc4 h6 6. 0-0 c6 7. a4 Qc7 8. h3 Be7 9. Ba2 Nf8 10. Be3 Rg8 11. Nh2 g5 12. Ng4 Nxg4 13. hxg4 Ng6 14. g3 Qd7 15. f3 exd4 16. Bxd4 Ne5 17. Kf2 Rg6 18. Qe2 Bf8 19. Rad1 Qc7 20. Kg2 b6 21. Rd2 a5 22. Nd1 Ba6 23. c4 Bg7 24. Ne3 Bc8 25. Nf5 Bf8 26. Rfd1 Bxf5 27. exf5 Rg8 28. Qe3 c5 29. Bc3 Be7 30. b3 0-0-0 31. Bb1 Rge8 32. Be4 Bf6 33. Bb2 Qe7 34. Bxe5 Bxe5 35. Bc6 Rf8 36. f4 gxf4 37. gxf4 Bf6 38. Qxe7 Bxe7 39. f6 Bxf6 40. Rxd6 Bd4 41. Rxh6 Kc7 42. Bd5 Rd6 43. Rh7 Rd7 44. Kf3 Re7 45. Rd3 Kd7 46. g5 Rh8 47. Rxh8 Bxh8 48. Bxf7+ Kc7 49. g6 Re1 50. f5 Rf1+ 51. Ke4 Bd4 52. Rxd4 cxd4 53. Kxd4 1-0

[Event "Ceriano Laghetto op-B 19th"]
[Site "Ceriano Laghetto"]
[Date "2010.03.??"]
[Round "5"]
[White "Cardani, Roberto"]
[Black "Nardone, Massimo"]
[Result "1-0"]
[WhiteElo "1995"]
[BlackElo "1925"]
[PlyCount "80"]
[EventDate "2010.03.??"]
[EventType "swiss"]
[EventRounds "5"]
[EventCountry "ITA"]
[SourceTitle "EXT 2024"]
[Source "ChessBase"]
[SourceDate "2023.10.10"]
[SourceVersion "1"]
[SourceVersionDate "2023.10.10"]
[SourceQuality "1"]

1. e4 d5 2. exd5 Qxd5 3. Nc3 Qa5 4. d4 c6 5. Nf3 Bf5 6. Bc4 e6 7. Bd2 Nd7 8. Qe2 Ngf6 9. 0-0-0 Qc7 10. Rhe1 0-0-0 11. Bb3 h6 12. Ne5 Nxe5 13. dxe5 Nd5 14. g4 Nxc3 15. Bxc3 Rxd1+ 16. Rxd1 Bg6 17. f4 b6 18. Rf1 Be7 19. f5 exf5 20. gxf5 Bh7 21. Kb1 Bc5 22. a4 Rd8 23. Qg4 f6 24. exf6 gxf6 25. Bxf6 Rd2 26. Bg7 Kb7 27. h4 Qd7 28. Bxh6 Rd4 29. Qg7 Qxg7 30. Bxg7 Rxh4 31. f6 Bg6 32. f7 Rh2 33. f8Q Bxf8 34. Bxf8 c5 35. Rf4 Rh1+ 36. Ka2 Rh2 37. Bd5+ Ka6 38. c4 Bc2 39. Bc6 Bd3 40. Bg7 Rh1 1-0

[Event "Varese Province-ch"]
[Site "Gallarate"]
[Date "2010.01.24"]
[Round "3"]
[White "Cardani, Roberto"]
[Black "Pepa, Syrja"]
[Result "1-0"]
[WhiteElo "1965"]
[BlackElo "1825"]
[PlyCount "120"]
[EventDate "2010.01.23"]
[EventType "swiss"]
[EventRounds "6"]
[EventCountry "ITA"]
[SourceTitle "EXT 2024"]
[Source "ChessBase"]
[SourceDate "2023.10.10"]
[SourceVersion "1"]
[SourceVersionDate "2023.10.10"]
[SourceQuality "1"]

1. e4 c5 2. Nf3 Nc6 3. d4 cxd4 4. Nxd4 d6 5. Nc3 Nf6 6. Bg5 e6 7. Qd2 Be7 8. 0-0-0 a6 9. f4 Bd7 10. Be2 Qc7 11. Kb1 0-0-0 12. Bf3 e5 13. Nb3 Be6 14. f5 Bxb3 15. cxb3 Kb8 16. Rc1 Qd7 17. Be3 Rc8 18. g4 h6 19. h4 h5 20. g5 Ng4 21. Bxg4 hxg4 22. Nd5 Bd8 23. Qg2 Ne7 24. Rxc8+ Nxc8 25. Qxg4 Qb5 26. Qd1 Bb6 27. Nxb6 Nxb6 28. Qxd6+ Ka7 29. Bf2 Rc8 30. Qxb6+ Qxb6 31. Bxb6+ Kxb6 32. h5 Rh8 33. Kc2 Kc5 34. Kd3 b5 35. h6 gxh6 36. gxh6 Kd6 37. h7 f6 38. Rh6 Ke7 39. Kc3 Kf7 40. Kb4 Kg7 41. Rh1 Rxh7 42. Rxh7+ Kxh7 43. Ka5 Kh6 44. Kxa6 Kg5 45. a4 bxa4 46. b4 Kf4 47. b5 Kxe4 48. b6 Kf3 49. b7 e4 50. b8Q e3 51. Ka5 e2 52. Qe8 Kf2 53. Kxa4 e1Q 54. Qxe1+ Kxe1 55. b4 Ke2 56. b5 Ke3 57. b6 Ke4 58. b7 Kxf5 59. b8Q Kg4 60. Kb3 f5 1-0

[Event "Robecchetto op 20th"]
[Site "Robecchetto"]
[Date "2009.12.29"]
[Round "5"]
[White "Cardani, Roberto"]
[Black "Corti, Corrado"]
[Result "1-0"]
[WhiteElo "1950"]
[BlackElo "2045"]
[PlyCount "105"]
[EventDate "2009.12.27"]
[EventType "swiss"]
[EventRounds "6"]
[EventCountry "ITA"]
[SourceTitle "CBM 134 Extra"]
[Source "ChessBase"]
[SourceDate "2010.03.03"]
[SourceVersion "1"]
[SourceVersionDate "2010.03.03"]
[SourceQuality "1"]

1. e4 e5 2. Nf3 d6 3. d4 exd4 4. Nxd4 Nf6 5. Nc3 c6 6. a4 Be7 7. Be2 0-0 8. 0-0 Nbd7 9. Nf5 Nc5 10. Nxe7+ Qxe7 11. f3 Be6 12. Bg5 Rad8 13. Qd4 Ncd7 14. Rfd1 Ne5 15. Qxa7 h6 16. Bh4 g5 17. Bg3 Ng6 18. a5 Rd7 19. Qe3 Nh5 20. Na4 Nhf4 21. Bf1 f6 22. Nb6 Rdd8 23. a6 bxa6 24. Rxa6 Rb8 25. Qa3 Rfd8 26. Nc4 Qb7 27. Rb6 Qc7 28. Rxb8 Qxb8 29. Rxd6 Rxd6 30. Qxd6 Qa7+ 31. Bf2 Qa1 32. Ne3 Kf7 33. g3 Nh3+ 34. Kg2 Nxf2 35. Kxf2 Qxb2 36. Qxc6 Qd4 37. Bd3 Ne5 38. Qc7+ Kf8 39. Ke2 g4 40. f4 Nf3 41. Nd5 Bxd5 42. Qd6+ Kg7 43. Qxd5 Qb4 44. Qd7+ Kf8 45. Qxg4 Nd4+ 46. Ke3 Qc3 47. Qd1 Nb5 48. Qb1 Qc5+ 49. Kf3 Nd4+ 50. Kg2 Qc3 51. Qb8+ Kg7 52. Qb7+ Kf8 53. Qd5 1-0

[Event "Milan Crespi op-B 30th"]
[Site "Milan"]
[Date "2009.12.07"]
[Round "5"]
[White "Marinc, Damir"]
[Black "Cardani, Roberto"]
[Result "1-0"]
[WhiteElo "2022"]
[BlackElo "1960"]
[PlyCount "57"]
[EventDate "2009.12.04"]
[EventType "swiss"]
[EventRounds "7"]
[EventCountry "ITA"]
[SourceTitle "EXT 2012"]
[Source "ChessBase"]
[SourceDate "2011.11.24"]
[SourceVersion "1"]
[SourceVersionDate "2011.11.24"]
[SourceQuality "1"]

1. d4 Nf6 2. Bg5 Ne4 3. Bf4 c5 4. f3 Qa5+ 5. c3 Nf6 6. d5 Qb6 7. Bc1 e6 8. e4 c4 9. Bxc4 Bc5 10. Nh3 exd5 11. Bxd5 Nxd5 12. Qxd5 d6 13. Nf4 Nc6 14. Qd2 Be6 15. Qe2 a5 16. Nd2 0-0 17. Nxe6 fxe6 18. Nb3 a4 19. Nxc5 Qxc5 20. Be3 Qa5 21. 0-0 a3 22. b4 Qe5 23. Rac1 d5 24. Bf2 dxe4 25. Bg3 Qd5 26. fxe4 Qg5 27. Bd6 Rxf1+ 28. Rxf1 Qg6 29. Qb5 1-0